Jenna Ortega - All Movies - Statistics

General Stats
  • This quiz has been taken 57 times
  • The average score is 10 of 19
Answer Stats
Year Movie % Correct
2022 Scream
84%
2023 Scream VI
84%
2024 Beetlejuice Beetlejuice
75%
2022 X
68%
2024 Miller's Girl
66%
2013 Iron Man 3
61%
2021 The Fallout
61%
2025 Death of a Unicorn
59%
2020 The Babysitter: Killer Queen
59%
2021 Yes Day
59%
2025 Hurry Up Tomorrow
55%
2024 Winter Spring Summer or Fall
52%
2023 Finestkind
50%
2022 Studio 666
45%
2022 American Carnage
43%
2013 Insidious: Chapter 2
34%
2018 Saving Flora
34%
2019 Wyrm
23%
2015 After Words
20%
No matching quizzes found
Score Distribution
Percent of People with Each Score
Percentile by Number Answered
Your Score History
You have not taken this quiz